Sports Quiz

Random Sports or WWE Quiz
Score 0/73 Timer 10:00
12 Plays Today
First year Wrestler % Correct
1999Edge
86.9%
1992Shawn Michaels
86.5%
1998Triple H
86.4%
1999Jeff Hardy
84.7%
1999Matt Hardy
84.4%
2002The Undertaker
82.9%
2014Kane
81.4%
1998The Rock
81.2%
1999Christian
80.9%
2014John Cena
80.5%
1999Steve Austin
76.2%
2015Seth Rollins
76.2%
2001Chris Jericho
75%
2000Bubba Ray Dudley
74.6%
2006The Big Show
74.6%
2000D-Von Dudley
74.4%
1994Razor Ramon
72.3%
2014Roman Reigns
71.9%
2014Randy Orton
71.1%
1992Bret Hart
69.8%
2016The Miz
69%
2005Rey Mysterio
68.3%
2001Rob Van Dam
66.3%
2010Kofi Kingston
66.1%
2001Chris Benoit
66.1%
2015Daniel Bryan
65.4%
2001Kurt Angle
63.1%
2010Dolph Ziggler
62.7%
2002Eddie Guerrero
62.1%
1998Mankind
62%
2010Sheamus
61.1%
1999Shane McMahon
59.1%
1999Vince McMahon
58.7%
2003Shelton Benjamin
57.7%
2016Kevin Owens
55.8%
2006Johnny Nitro/John Morrison
55.6%
2016Zack Ryder
52.7%
First year Wrestler % Correct
2015Big E
52.3%
2015Stardust
51.6%
2014Luke Harper
50.9%
2014Bray Wyatt
50.6%
2014Cesaro
49%
2016AJ Styles
48.9%
2011Alberto Del Rio
46.8%
2016Sami Zayn
46.7%
2018Finn Bálor
46.2%
2015Bad News Barrett
45.8%
2015Jimmy Uso
44.1%
2015Jey Uso
44.1%
2015Sin Cara
40.4%
2018Bobby Lashley
38.4%
2010Jack Swagger
37.6%
2006Joey Mercury
37.5%
2007Carlito
37.4%
2003Charlie Haas
37.3%
2018Samoa Joe
37.2%
2015Kalisto
36.9%
2006William Regal
36.4%
2011Kevin Nash
36.2%
2017Karl Anderson
35.8%
2017Luke Gallows
35.2%
2006Sabu
34.4%
2015R-Truth
34.4%
2017Big Cass
31.6%
2017Enzo Amore
31%
2006Brian Kendrick
29.8%
2006Paul London
29.7%
1998Big Boss Man
29.6%
2015Dean Ambrose
23.7%
2003Tajiri
23%
2016James Ellsworth
22.2%
2006Dave Taylor
22.1%
2018Elias
17.5%
Come Together.
Have Fun.
All Virtual.
We all need to come together. Play Sporcle's virtual live trivia to have fun, connect with people, and get your trivia on. Join a live hosted trivia game for your favorite pub trivia experience done virtually. If a virtual private party is more your thing, go here for details.

You're not logged in!

Compare scores with friends on all Sporcle quizzes.
OR
Log In

Sporcle TV

Today on Sporcle TV


Watch our educational content, quiz creation guides, and fun videos on Sporcle TV.

Show Comments

Extras

Top Quizzes Today


Score Distribution

Paid Content

Your Account Isn't Verified!

In order to create a playlist on Sporcle, you need to verify the email address you used during registration. Go to your Sporcle Settings to finish the process.

Report this User

Report this user for behavior that violates our Community Guidelines.

Details: